American education / (Record no. 17445)

000 -LEADER
fixed length control field 00433cam a22001818i 4500
020 ## - INTERNATIONAL STANDARD BOOK NUMBER
ISBN 9780078024511 (alk. paper)
040 ## - CATALOGING SOURCE
Transcribing agency DLC
082 00 - DEWEY DECIMAL CLASSIFICATION NUMBER
Classification number 379 MCG 2014 A114 Or.
100 1# - MAIN ENTRY--AUTHOR NAME
Personal name Spring, Joel H.
245 10 - TITLE STATEMENT
Title American education /
250 ## - EDITION STATEMENT
Edition statement Sixteenth edition.
300 ## - PHYSICAL DESCRIPTION
Number of Pages pages cm
650 #0 - SUBJECT ADDED ENTRY--TOPICAL TERM
Topical Term Education
650 #0 - SUBJECT ADDED ENTRY--TOPICAL TERM
Topical Term Education
650 #0 - SUBJECT ADDED ENTRY--TOPICAL TERM
Topical Term Educational equalization
650 #0 - SUBJECT ADDED ENTRY--TOPICAL TERM
Topical Term Education and state
942 ## - ADDED ENTRY ELEMENTS (KOHA)
Koha item type សៀវភៅភាសាអង់គ្លេស
952 ## - LOCATION AND ITEM INFORMATION (KOHA)
Withdrawn status [LOCAL, KOHA] 0
952 ## - LOCATION AND ITEM INFORMATION (KOHA)
Withdrawn status [LOCAL, KOHA] 0
Holdings
Permanent Location Date acquired Koha item type Lost status Shelving location Barcode Current Location Full call number
Library Block A2018-11-27សៀវភៅភាសាអង់គ្លេស A114A36550Library Block A379 MCG 2014 A114 Or.
Library Block A2018-11-27សៀវភៅភាសាអង់គ្លេស A114A36715Library Block A379 MCG 2014 A114 Or.
មជ្ឈមណ្ឌលឯការនៃសាកលវិទ្យាល័យភូមិន្ទកសិកម្មចំការដូង

Powered by Koha